[Event "Hands Too Small Anti-Facist Open"]
[Site "SchemingMind.com"]
[Date "2016.11.18"]
[Round "-"]
[White "buddhastalin"]
[Black "ray winteringham"]
[Result "1-0"]
[WhiteCountry "USA"]
[BlackCountry "ENG"]
[WhiteElo "1676"]
[WhiteRD "67"]
[BlackElo "1495"]
[BlackRD "52"]
[GameID "406610"]

1. c3 g6 2. Qc2 Bg7 3. d3 Nf6 4. Nd2 O-O 5. e3 d6 6. Ngf3 Nc6 7. Be2 e5 8. O-O Be6 9. d4 Ne7 10. Re1 exd4
11. exd4 b6 12. Bd3 Qc8 13. Ng5 Bf5 14. Rxe7 Qd8 15. Re1 Bxd3 16. Qxd3 Nd5 17. Ndf3 c5 18. Ne4 Qg5 19. Nexg5
1-0

[Event "Hands Too Small Anti-Facist Open"]
[Site "SchemingMind.com"]
[Date "2016.11.18"]
[Round "-"]
[White "ray winteringham"]
[Black "buddhastalin"]
[Result "1-0"]
[WhiteCountry "ENG"]
[BlackCountry "USA"]
[WhiteElo "1495"]
[WhiteRD "52"]
[BlackElo "1676"]
[BlackRD "67"]
[GameID "406611"]

1. e4 e6 2. d4 d5 3. e5 c5 4. c3 Nc6 5. Bb5 Bd7 6. Nf3 Nxe5 7. Bxd7+ Nxd7 8. O-O Ngf6 9. Be3 cxd4 10. Nxd4 Be7
11. h3 O-O 12. Nd2 e5 13. N4f3 Qc7 14. a3 a6 15. b4 Qxc3 16. Re1 d4 17. Bg5 Nd5 18. Bxe7 Nxe7 19. Nxe5 Nxe5 20. Rxe5 Ng6
21. Ne4 Qc7 22. Rc5 Qd7 23. Qb3 Rad8 24. Rd1 Nf4 25. Kf1 d3 26. Rg5 Rfe8 27. Nf6+
1-0

[Event "Hands Too Small Anti-Facist Open"]
[Site "SchemingMind.com"]
[Date "2016.11.20"]
[Round "-"]
[White "maro"]
[Black "buddhastalin"]
[Result "0-1"]
[WhiteCountry "MEX"]
[BlackCountry "USA"]
[WhiteElo "1345"]
[WhiteRD "59"]
[BlackElo "1676"]
[BlackRD "67"]
[GameID "406680"]

1. d4 d6 2. c4 e5 3. e3 exd4 4. Qxd4 Nf6 5. Nc3 Nc6 6. Qf4 Be7 7. Be2 Nb4 8. Bd1 Nd3+ 9. Ke2 Nxf4+ 10. Kf1 Nd3
11. Nf3 Bg4 12. h3 Bh5 13. Ba4+ c6 14. a3 Bxf3 15. gxf3 O-O 16. e4 Qb6 17. Nd1 Nxb2 18. Nxb2 Rad8
0-1

[Event "Hands Too Small Anti-Facist Open"]
[Site "SchemingMind.com"]
[Date "2016.11.20"]
[Round "-"]
[White "buddhastalin"]
[Black "maro"]
[Result "1-0"]
[WhiteCountry "USA"]
[BlackCountry "MEX"]
[WhiteElo "1650"]
[WhiteRD "69"]
[BlackElo "1352"]
[BlackRD "68"]
[GameID "406681"]

1. c3 d5 2. d3 e5 3. Qc2 Nc6 4. Nd2 Bc5 5. Ngf3 Nf6 6. e4 d4 7. Be2 O-O 8. O-O Be6 9. Re1 dxc3 10. bxc3 b5
11. Bb2 Ng4 12. Rf1 Ne7 13. Ng5 h6 14. Nxe6 fxe6 15. Bxg4 Qc8 16. d4 exd4 17. cxd4 Bb6 18. d5 Kh8 19. Bxe6 Qe8 20. Qc3 Rf6
21. e5 Rf5 22. Bxf5 Nxf5 23. e6 Bd4 24. Qc2 Bxb2 25. Qxb2 a6 26. Ne4 Rd8 27. Qe5 Nd6 28. Nxd6 cxd6 29. Qf5 b4 30. Rac1 a5
31. Rc7
1-0

[Event "Hands Too Small Anti-Facist Open"]
[Site "SchemingMind.com"]
[Date "2016.11.20"]
[Round "-"]
[White "maro"]
[Black "ray winteringham"]
[Result "1-0"]
[WhiteCountry "MEX"]
[BlackCountry "ENG"]
[WhiteElo "1400"]
[WhiteRD "63"]
[BlackElo "1473"]
[BlackRD "55"]
[GameID "406682"]

1. c4 g6 2. d4 Bg7 3. Nf3 Nf6 4. Nc3 O-O 5. g3 d6 6. Bg2 b6 7. Nh4 c6 8. O-O Bb7 9. b3 Nbd7 10. e4 h5
11. Re1 e5 12. dxe5 Nxe5 13. Bh3 c5 14. Nb5 Ne8 15. Rb1 Nf6 16. Nxd6 Bc6 17. Bg5 Bd7 18. Bxd7 Nexd7 19. e5 Nxe5 20. Rxe5 Qc7
21. Rb2 Ng4 22. Re7 Qb8 23. Rb7 Qxb7 24. Nxb7 Bxb2 25. Qd2 Bd4 26. Kg2 Nxf2 27. Be3 Bxe3 28. Qxe3 Ng4 29. Qf4 Kg7 30. h3 Nh6
31. Qe5+ Kh7 32. Nd6 Rad8 33. Nf3 f6 34. Qe7+ Kg8 35. Nh4 a6 36. Nxg6 Rxd6 37. Qxf8+
1-0

[Event "Hands Too Small Anti-Facist Open"]
[Site "SchemingMind.com"]
[Date "2016.11.20"]
[Round "-"]
[White "ray winteringham"]
[Black "maro"]
[Result "1-0"]
[WhiteCountry "ENG"]
[BlackCountry "MEX"]
[WhiteElo "1495"]
[WhiteRD "52"]
[BlackElo "1345"]
[BlackRD "59"]
[GameID "406683"]

1. e4 e6 2. d4 g6 3. Nf3 Bh6 4. Be2 Bxc1 5. Qxc1 Nf6 6. Nbd2 O-O 7. O-O d6 8. c4 b6 9. h3 Bb7 10. Bd3 e5
11. d5 c6 12. a4 cxd5 13. cxd5 a5 14. Nh2 Na6 15. Re1 Nc5 16. Qd1 Nxd3 17. Re3 Nxb2 18. Qb3 Nxa4 19. Qxa4 Ba6 20. Nhf3 b5
21. Qxa5 Bb7 22. Qxd8 Rfxd8 23. Rb1 Ra5 24. Reb3 Ba6 25. Kh2 Ra4 26. Rb4 Rxb4 27. Rxb4 Rc8 28. Ng5 Rc2 29. Ngf3 Nd7 30. Kg3 Nc5
31. h4 Nd3 32. Rb3 b4 33. Rb1 Bc8 34. Kh2 f5 35. Kg1 fxe4 36. Nxe4 Bb7 37. Nfg5 Bxd5 38. Nf6+ Kg7 39. Nxd5 Nxf2 40. Rxb4 Nd3
41. Rb7+ Kf8 42. Nxh7+ Ke8 43. Nhf6+ Kd8 44. Rb8+ Rc8 45. Rxc8+ Kxc8 46. Ne7+ Kc7 47. Nxg6 d5 48. Nxd5+ Kd6 49. Ne3 e4 50. h5 Kc5
51. h6 Kd4 52. Ng4 Ne1 53. Kf2 Nd3+ 54. Ke2
1-0

[Event "Hands Too Small Anti-Facist Open"]
[Site "SchemingMind.com"]
[Date "2016.11.21"]
[Round "-"]
[White "maro"]
[Black "Henk Miedema"]
[Result "1-0"]
[WhiteCountry "MEX"]
[BlackCountry "NED"]
[WhiteElo "1400"]
[WhiteRD "63"]
[BlackElo "891"]
[BlackRD "63"]
[GameID "406699"]

1. d4 d5 2. c4 Nf6 3. c5 Nc6 4. Nf3 e6= 5. g3 Be7= 6. Bg2 b6 7. b4 b5 8. O-O Nxb4 9. Na3 a6 10. Ne5 O-O
11. Qd2 a5= 12. Nxb5 Bb7 13. Ba3 Na6 14. Qxa5 Rc8 15. Na7 Ra8 16. Nb5 Nh5 17. Rab1 Qc8 18. Bf3 Nf6 19. c6 Bxa3 20. Qxa3 Bxc6
21. Nxc6 Qd7 22. Ne5 c5 23. Nxd7 Nxd7 24. dxc5 Rfc8 25. c6 Nf6 26. Nd6 Rcb8 27. Rxb8+
1-0

[Event "Hands Too Small Anti-Facist Open"]
[Site "SchemingMind.com"]
[Date "2016.11.21"]
[Round "-"]
[White "Henk Miedema"]
[Black "maro"]
[Result "0-1"]
[WhiteCountry "NED"]
[BlackCountry "MEX"]
[WhiteElo "891"]
[WhiteRD "63"]
[BlackElo "1400"]
[BlackRD "63"]
[GameID "406700"]

1. g3 d5 2. d4 e5 3. Nf3 e4 4. Nfd2 Bb4 5. c3 Bd6 6. e3 Nf6 7. b4 Bg4 8. Qa4+ c6 9. b5 O-O 10. Na3 Qe7
11. bxc6= Nxc6 12. Qb3 b6 13. Nb5 Na5 14. Bg2 Nxb3 15. Nxb3 Rfc8 16. O-O Be2 17. Re1 Bxb5 18. Bd2 a5 19. Nc1 Ng4 20. a3 Ba6
21. Bh3 Qg5 22. a4 Qh5 23. f4 exf3 24. Kh1= Qxh3 25. e4 Qxh2#
0-1

[Event "Hands Too Small Anti-Facist Open"]
[Site "SchemingMind.com"]
[Date "2016.11.20"]
[Round "-"]
[White "buddhastalin"]
[Black "Henk Miedema"]
[Result "1-0"]
[WhiteCountry "USA"]
[BlackCountry "NED"]
[WhiteElo "1676"]
[WhiteRD "67"]
[BlackElo "902"]
[BlackRD "62"]
[GameID "406701"]

1. c3 Nf6 2. Qc2 e5 3. d3 d5 4. Nd2 Bc5 5. Ngf3 Ng4 6. e3 O-O 7. h3 Bxe3= 8. fxe3 Nf6 9. Nxe5 Bf5 10. Be2 Qe8
11. O-O Qxe5 12. Nf3 Nh5 13. Nxe5 Ng3 14. Re1 Re8 15. Nf3 c5 16. Kh2 Nh5 17. g4 Rxe3 18. Bxe3 Nc6 19. gxf5 b6 20. Ne5 Nxe5
21. Bxh5 Nd7 22. Rg1 Ne5 23. d4 Nf3+ 24. Bxf3 Rd8 25. f6 g6= 26. Bh5 Kf8 27. Bxg6 Re8 28. Bh6+ Kg8 29. Bxh7+ Kh8 30. Bg7#
1-0

[Event "Hands Too Small Anti-Facist Open"]
[Site "SchemingMind.com"]
[Date "2016.11.20"]
[Round "-"]
[White "Henk Miedema"]
[Black "buddhastalin"]
[Result "0-1"]
[WhiteCountry "NED"]
[BlackCountry "USA"]
[WhiteElo "902"]
[WhiteRD "62"]
[BlackElo "1676"]
[BlackRD "67"]
[GameID "406702"]

1. d4 d6 2. Nc3 e6 3. e4 Nf6 4. Nb5 a6 5. Nc3 Nbd7 6. e5 dxe5 7. Be3 exd4 8. Bxd4 Be7 9. Be2 O-O 10. Nf3 c5
11. Be3 b6 12. Bd3 Bb7 13. O-O Qc7 14. Ne1 Qc6 15. Be2 Ne5 16. a4 Rad8 17. Qb1 Nd5 18. b3 Nxc3 19. Qb2 Nxe2+ 20. Kh1 Ng4
21. h3= Nxe3 22. fxe3 Bh4 23. Rf4 Bxe1 24. e4 Nxf4 25. Rxe1 f5 26. Qe5 fxe4 27. Qxf4 Rxf4 28. Rg1 e3 29. Kh2 Rf2 30. Kg3 Rxg2+
31. Rxg2 Qxg2+ 32. Kh4 Rd4+ 33. Kh5 Bf3#
0-1

[Event "Hands Too Small Anti-Facist Open"]
[Site "SchemingMind.com"]
[Date "2016.11.20"]
[Round "-"]
[White "ray winteringham"]
[Black "Henk Miedema"]
[Result "1-0"]
[WhiteCountry "ENG"]
[BlackCountry "NED"]
[WhiteElo "1470"]
[WhiteRD "52"]
[BlackElo "881"]
[BlackRD "64"]
[GameID "406703"]

1. e4 e5 2. Nf3 Nf6 3. d3 Nc6 4. Be2 Bc5 5. O-O Ng4 6. h3 Nf6 7. Be3 d5 8. Bxc5 b6 9. Be3 d4 10. Bg5 O-O
11. c3 Ne7= 12. Bxf6 Qd6= 13. Bxe5 Qe6 14. Bxd4 Qd6 15. Nbd2 Bb7 16. Be3 Bc8 17. e5 Qg6= 18. d4 Bxh3 19. Ng5 Bf5 20. Bg4 Bd3
21. Re1 f5 22. Be2 Bxe2 23. Qxe2 Nd5 24. Qc4 c6 25. e6 Rac8 26. Qb3 Rb8 27. Ndf3 Ne7 28. Ne5 Qf6 29. Nd7 Qg6 30. Nxf8 Rxf8
31. a3 f4 32. Bxf4 Rxf4 33. Nf7 Qf6 34. Re2 Rg4 35. Rae1 b5 36. c4 a6 37. a4 Qg6 38. g3 Qh5 39. Kg2 Qg6 40. Qf3 Rxd4
41. axb5 Rxc4 42. Rd2 Qh6 43. Nxh6+ Kh8 44. Qf8+
1-0

[Event "Hands Too Small Anti-Facist Open"]
[Site "SchemingMind.com"]
[Date "2016.11.20"]
[Round "-"]
[White "Henk Miedema"]
[Black "ray winteringham"]
[Result "0-1"]
[WhiteCountry "NED"]
[BlackCountry "ENG"]
[WhiteElo "881"]
[WhiteRD "64"]
[BlackElo "1470"]
[BlackRD "52"]
[GameID "406704"]

1. d4 d5 2. Nc3 Nf6 3. Bf4 e6 4. Nb5 c6 5. Nc7+ Kd7 6. Nxa8 Na6 7. Qd2 Ne4 8. Qe3 Bd6 9. Bxd6 Kxd6 10. Qa3+ Kd7
11. Qf3 f6 12. Qf4 b5 13. g3 Bb7 14. Nf3 Bxa8 15. Bh3 Qe7 16. O-O= c5 17. Qe3 c4 18. c3= b4 19. Rfc1 Bc6 20. a3 b3
21. a4 f5 22. Bg2 Ke8 23. Ne5 Qd6 24. Nxc6 Qxc6 25. h3 g6 26. Ra3 Kf7 27. f3 Nxg3 28. Qe5 Qc7 29. Qxh8 Nxe2+ 30. Kf2 Nxc1
31. Ra1 Nd3+ 32. Kg1 h5 33. Rb1 Nf4 34. Qh7+ Ke8 35. Qh6 Nb8 36. Qh8+= Kd7 37. Qg7+ Kd6 38. Qf8+ Kc6 39. Bf1 Nd7 40. Qb4 a5
41. Qa3 e5 42. Qe7 exd4 43. h4 d3 44. Qf6+ Nxf6 45. Kh1= Qe5 46. Kg1 Qe3+ 47. Kh1 Qxf3+
0-1

[Event "Hands Too Small Anti-Facist Open"]
[Site "SchemingMind.com"]
[Date "2016.11.22"]
[Round "-"]
[White "maro"]
[Black "abuteague"]
[Result "0-1"]
[WhiteCountry "MEX"]
[BlackCountry "USA"]
[WhiteElo "1400"]
[WhiteRD "63"]
[BlackElo "1598"]
[BlackRD "62"]
[GameID "406732"]

1. e4 d6 2. d4 Nf6 3. Nc3 c6 4. Bc4 b5 5. Bb3 b4 6. e5 bxc3 7. exf6 cxb2 8. Bxb2 exf6 9. Qh5 d5 10. Ne2 Be7
11. O-O O-O 12. c4 dxc4 13. Bxc4 Be6 14. Rac1 Bxc4 15. Rxc4 Qd5 16. Rfc1 Qxh5
0-1

[Event "Hands Too Small Anti-Facist Open"]
[Site "SchemingMind.com"]
[Date "2016.11.21"]
[Round "-"]
[White "abuteague"]
[Black "maro"]
[Result "1-0"]
[WhiteCountry "USA"]
[BlackCountry "MEX"]
[WhiteElo "1598"]
[WhiteRD "62"]
[BlackElo "1400"]
[BlackRD "63"]
[GameID "406733"]

1. d4 e6 2. c4 g6 3. Nc3 Bg7 4. Nf3 Nf6 5. Bg5 O-O 6. h4 Qe8 7. Bxf6 Bxf6 8. h5 g5 9. e3 d5 10. cxd5 exd5
11. Bd3 h6 12. Nxd5 Qc6 13. Nxf6+ Qxf6 14. Ne5 Nc6 15. Nf3 Bg4 16. Be2 Bxf3 17. Bxf3 a5 18. a3 a4 19. Rc1 Ra6 20. Bxc6 bxc6
21. Rc4 Qe6 22. Qc2 Rd8 23. O-O f5 24. Rc5 Rd5 25. Rxd5 Qxd5 26. Rc1 g4 27. Qc4 Qxc4 28. Rxc4 Rb6 29. Rxa4 Rxb2 30. Ra6 Rc2
31. Ra7 Ra2 32. Rxc7
1-0

[Event "Hands Too Small Anti-Facist Open"]
[Site "SchemingMind.com"]
[Date "2016.11.26"]
[Round "-"]
[White "buddhastalin"]
[Black "abuteague"]
[Result "0-1"]
[WhiteCountry "USA"]
[BlackCountry "USA"]
[WhiteElo "1650"]
[WhiteRD "69"]
[BlackElo "1600"]
[BlackRD "70"]
[GameID "406734"]

1. d4 d6 2. Bf4 Nf6 3. c4 e6 4. Nc3 Be7 5. Nf3 Bd7 6. e4 O-O 7. Bd3 d5 8. exd5 exd5 9. O-O dxc4 10. Bxc4 Bg4
11. Qd3 Bxf3 12. Qxf3 Qxd4 13. Bb3 Nc6 14. Bxc7 h6 15. Rad1 Qg4 16. Qxg4 Nxg4 17. Rd7 Bf6 18. h3 Bxc3 19. bxc3 Nf6 20. Rdd1 Rac8
21. Bd6 Na5 22. Bb4 Nxb3 23. axb3 Rfe8 24. c4 Ne4 25. Rd7 Rb8 26. Rfd1 a6 27. Rc7 b6 28. Rdd7 Ng5 29. f4 Ne6 30. Ra7 a5
31. Bd6 Rbd8 32. Be5 Rxd7 33. Rxd7 Nc5 34. Bc7 Nxd7
0-1

[Event "Hands Too Small Anti-Facist Open"]
[Site "SchemingMind.com"]
[Date "2016.11.25"]
[Round "-"]
[White "abuteague"]
[Black "buddhastalin"]
[Result "1-0"]
[WhiteCountry "USA"]
[BlackCountry "USA"]
[WhiteElo "1640"]
[WhiteRD "62"]
[BlackElo "1676"]
[BlackRD "67"]
[GameID "406735"]

1. d4 d6 2. c4 Nf6 3. Bg5 Nbd7 4. Nf3 c6 5. e3 e5 6. Bxf6 Qxf6 7. Be2 Be7 8. O-O O-O 9. Nc3 Re8 10. Ne4 Qg6
11. Bd3 f5 12. Qc2 fxe4 13. Bxe4 Qg4 14. Bxh7+ Kh8 15. Bf5 Qh5 16. Bg6
1-0

[Event "Hands Too Small Anti-Facist Open"]
[Site "SchemingMind.com"]
[Date "2016.11.21"]
[Round "-"]
[White "abuteague"]
[Black "ray winteringham"]
[Result "0-1"]
[WhiteCountry "USA"]
[BlackCountry "ENG"]
[WhiteElo "1598"]
[WhiteRD "62"]
[BlackElo "1473"]
[BlackRD "55"]
[GameID "406736"]

1. d4 d5 2. c4 e6 3. Nc3 c6 4. e3 Bb4 5. Bd2 Ne7 6. Nf3 Bd7 7. cxd5 cxd5 8. Ne5 O-O 9. Nxd7 Nxd7 10. Bd3 b6
11. a3 Bxc3 12. Bxc3 a5 13. O-O g6 14. b4 axb4 15. Bxb4 f5 16. Qe2 Rf7 17. h3 Nc6 18. Bd6 Nf6 19. Bf4 Ne4 20. Bxe4 dxe4
21. a4 Nb4 22. Rfb1 Nd5 23. Bg3 Nc3 24. Qc4 Nxb1 25. Rxb1 Re7 26. Qb4 Rb7 27. Qb3 Qe8 28. d5 Qxa4 29. d6 Qxb3 30. Rxb3 Kf7
31. Be5 Ra5 32. Bf4 Kf6 33. Rb1 e5 34. Bh2 Rd7
0-1

[Event "Hands Too Small Anti-Facist Open"]
[Site "SchemingMind.com"]
[Date "2016.11.21"]
[Round "-"]
[White "ray winteringham"]
[Black "abuteague"]
[Result "1-0"]
[WhiteCountry "ENG"]
[BlackCountry "USA"]
[WhiteElo "1470"]
[WhiteRD "52"]
[BlackElo "1599"]
[BlackRD "65"]
[GameID "406737"]

1. e4 d6 2. d4 Nf6 3. Bd3 e5 4. d5 Be7 5. Be3 O-O 6. Nf3 Bg4 7. h3 Bxf3 8. Qxf3 Nbd7 9. O-O c6 10. c4 c5
11. Nc3 a6 12. a3 Re8 13. b4 cxb4 14. axb4 Nf8 15. Qe2 h6 16. c5 dxc5 17. bxc5 N6d7 18. Na4 Bg5 19. Rfb1 Bxe3 20. Qxe3 Ng6
21. Rxb7 Nf4 22. c6 Nf6 23. Nb6 Nxd3 24. Nxa8 Nf4 25. Rxa6 Nxg2 26. Kxg2 Nh5 27. Nb6 Nf4+ 28. Kh2 Qg5 29. Qg3
1-0

[Event "Hands Too Small Anti-Facist Open"]
[Site "SchemingMind.com"]
[Date "2016.11.21"]
[Round "-"]
[White "abuteague"]
[Black "Henk Miedema"]
[Result "1-0"]
[WhiteCountry "USA"]
[BlackCountry "NED"]
[WhiteElo "1598"]
[WhiteRD "62"]
[BlackElo "891"]
[BlackRD "63"]
[GameID "406738"]

1. d4 d5 2. c4 Nf6 3. Nc3 Nc6 4. e3 Bg4 5. Nf3 e6 6. Be2 Bd6 7. c5 Be7 8. h3 Bf5 9. O-O Nb4 10. a3 Nc2
11. Ra2 O-O 12. Nh4 b6 13. Nxf5 Nxa3 14. bxa3 c6 15. Nxe7+ Qxe7 16. cxb6 Qd6 17. bxa7 Rxa7 18. a4 Qb4 19. Bd2 Qb8 20. a5 Kh8
21. a6 Rc8 22. Na4 Ne4 23. Nc3 Ng5 24. Na4 Ne4 25. Nc5 Qd6 26. Nxe4 dxe4 27. Qb1 Qe7 28. Bb4 Qf6 29. Bc5 Raa8= 30. a7 g6
31. Qxe4 Qg7 32. Rb1 Qf6 33. Rb7 Qd8 34. Rab2 Kg7 35. Qe5+ Kg8 36. Rb8 Qa5 37. Rxc8+ Rxc8 38. Rb8
1-0

[Event "Hands Too Small Anti-Facist Open"]
[Site "SchemingMind.com"]
[Date "2016.11.21"]
[Round "-"]
[White "Henk Miedema"]
[Black "abuteague"]
[Result "0-1"]
[WhiteCountry "NED"]
[BlackCountry "USA"]
[WhiteElo "881"]
[WhiteRD "64"]
[BlackElo "1599"]
[BlackRD "65"]
[GameID "406739"]

1. Nf3 d6 2. d4 Nf6 3. Nc3 c6 4. Bf4 Bg4 5. e3 e6 6. Be2= Be7 7. Qd3 O-O 8. O-O Nbd7 9. e4 Qb6 10. Ng5 Bxe2
11. Qxe2 Qxd4 12. Qe1 e5 13. Be3 Qb4 14. a3 Qxb2 15. Bd2 Qb6 16. a4 h6 17. a5 Qc7 18. Nf3 Nc5 19. Ra2 Qd7 20. Be3 Ncxe4
21. Bc1 Nxc3 22. Ra3 Nb5 23. Ra1 e4 24. Nd2 d5 25. Nb3 a6 26. Bf4 Bd6 27. Be3 Ng4 28. Bb6 Nxh2 29. Qe2 Nxf1 30. Qxf1 Rae8
31. Be3 Qe6 32. f4 exf3 33. gxf3 Qg6+ 34. Kf2 Qxc2+ 35. Kg1 Qh2#
0-1

[Event "Hands Too Small Anti-Facist Open"]
[Site "SchemingMind.com"]
[Date "2016.11.26"]
[Round "-"]
[White "maro"]
[Black "Black Knight"]
[Result "0-1"]
[WhiteCountry "MEX"]
[BlackCountry "USA"]
[WhiteElo "1345"]
[WhiteRD "59"]
[BlackElo "1349"]
[BlackRD "56"]
[GameID "406821"]

1. d4 Nf6 2. c4 d6 3. Nc3 g6 4. Nf3 Bg7 5. d5 O-O 6. Nd4 c5 7. Ndb5 a6 8. Na3 Bf5 9. Nc2 Ne4 10. Nxe4 Bxe4
11. e3 Nd7 12. f3 Bxc2 13. Qxc2 Qb6 14. b3 Bxa1 15. Bb2 Qa5+ 16. Kf2 Bxb2 17. Qxb2 Ne5 18. h3 Rab8 19. f4 Nd7 20. Be2 Nf6
21. Kg1 Qe1+ 22. Kh2 Qf2 23. Rf1 Qxe3 24. Rf3 Qd4 25. Qc2 Ne4 26. Rd3 Qf6 27. g3 e5 28. Rf3 Nxg3 29. Rxg3 Qxf4
0-1

[Event "Hands Too Small Anti-Facist Open"]
[Site "SchemingMind.com"]
[Date "2016.11.26"]
[Round "-"]
[White "Black Knight"]
[Black "maro"]
[Result "0-1"]
[WhiteCountry "USA"]
[BlackCountry "MEX"]
[WhiteElo "1349"]
[WhiteRD "56"]
[BlackElo "1345"]
[BlackRD "59"]
[GameID "406822"]

1. e4 e5 2. Nf3 Nc6 3. Bb5 Nge7 4. O-O a6 5. Bxc6 Nxc6 6. Nc3 Bc5 7. d3 O-O 8. Re1 Nd4 9. Nxd4 Bxd4 10. Be3 Bxc3
11. bxc3 d5 12. Qd2 h6 13. exd5 Qxd5 14. c4 Qc6 15. Qe2 Qg6 16. Kh1 b6 17. c5 Bb7 18. f3 bxc5 19. Bxc5 Rfe8 20. Qf2 Rad8
21. Re3 Bc6 22. Rae1 f6 23. f4 Qf5 24. Kg1 exf4 25. Rxe8+ Bxe8 26. Qd4 Rxd4
0-1

[Event "Hands Too Small Anti-Facist Open"]
[Site "SchemingMind.com"]
[Date "2016.11.25"]
[Round "-"]
[White "Black Knight"]
[Black "buddhastalin"]
[Result "0-1"]
[WhiteCountry "USA"]
[BlackCountry "USA"]
[WhiteElo "1356"]
[WhiteRD "60"]
[BlackElo "1668"]
[BlackRD "66"]
[GameID "406823"]

1. e4 e6 2. d4 d5 3. e5 c5 4. Nf3 Nc6 5. Bb5 Bd7 6. Bxc6 bxc6 7. Be3 cxd4 8. Bxd4 c5 9. Be3 Qc7 10. Nc3 d4
11. Nxd4 cxd4 12. Qxd4 Ne7 13. Qd2 Nf5 14. O-O Nxe3 15. Qxe3 Bc5 16. Qe4 O-O 17. Qc4 Bxf2+ 18. Rxf2 Qxc4 19. Ne2 Bc6 20. Rf4 Qxe2
0-1

[Event "Hands Too Small Anti-Facist Open"]
[Site "SchemingMind.com"]
[Date "2016.11.25"]
[Round "-"]
[White "buddhastalin"]
[Black "Black Knight"]
[Result "1-0"]
[WhiteCountry "USA"]
[BlackCountry "USA"]
[WhiteElo "1668"]
[WhiteRD "66"]
[BlackElo "1356"]
[BlackRD "60"]
[GameID "406824"]

1. d4 Nf6 2. Bg5 h6 3. Bxf6 gxf6 4. e4 e5 5. Nf3 Nc6 6. c3 Bd6 7. Bd3 b6 8. Nbd2 Bb7 9. O-O Qe7 10. d5 Na5
11. b4 O-O-O 12. bxa5 Rhg8 13. axb6 axb6 14. a4 c6 15. a5 b5 16. a6 Ba8 17. c4 b4 18. Qa4 c5 19. Qb5 Bc7 20. Nb3 Qd6
21. Nxc5 Bb6 22. Na4 f5 23. Nxb6+ Kc7 24. c5 Qf6 25. d6+ Kb8 26. Nxd7+
1-0

[Event "Hands Too Small Anti-Facist Open"]
[Site "SchemingMind.com"]
[Date "2016.11.27"]
[Round "-"]
[White "Black Knight"]
[Black "abuteague"]
[Result "0-1"]
[WhiteCountry "USA"]
[BlackCountry "USA"]
[WhiteElo "1349"]
[WhiteRD "56"]
[BlackElo "1640"]
[BlackRD "62"]
[GameID "406825"]

1. e4 d6 2. d4 Nf6 3. Nc3 c6 4. Nf3 Qa5 5. Bd2 e5 6. d5 cxd5 7. Nxd5 Qd8 8. Bb5+ Bd7 9. Bxd7+ Nbxd7 10. Bg5 Be7
11. Bxf6 Nxf6 12. Nxe7 Qxe7 13. O-O Nxe4 14. Re1 Nc5 15. Qd5 O-O 16. b4 Ne6 17. Rad1 Rfd8 18. Qb3 h6 19. Rd3 Rd7 20. c4 b6
21. Red1 Nf4 22. R3d2 Qe6 23. g3 Nh3+ 24. Kg2 Ng5 25. Nxg5 hxg5 26. Qf3 Rad8 27. Qc6 e4 28. c5 bxc5 29. bxc5 d5 30. Qxe6 fxe6
31. c6 Rc7 32. Rc2 Rdc8 33. Rdc1 Kf7 34. f3 exf3+ 35. Kxf3 Kf6 36. Kg4 d4 37. Re2 Rxc6 38. Rd1 Rd8 39. h4 d3 40. Rf1+ Kg6
41. Rd2 gxh4 42. Kxh4 Rh8+ 43. Kg4 Rc4+ 44. Kf3 Rf8+ 45. Kg2 Rxf1 46. Kxf1 Rd4 47. Ke1 e5
0-1

[Event "Hands Too Small Anti-Facist Open"]
[Site "SchemingMind.com"]
[Date "2016.11.29"]
[Round "-"]
[White "abuteague"]
[Black "Black Knight"]
[Result "1-0"]
[WhiteCountry "USA"]
[BlackCountry "USA"]
[WhiteElo "1640"]
[WhiteRD "62"]
[BlackElo "1349"]
[BlackRD "56"]
[GameID "406826"]

1. d4 d5 2. c4 Nf6 3. Bf4 e6 4. h3 Bb4+ 5. Nc3 Nc6 6. e3 Bxc3+ 7. bxc3 Ne4 8. Qc2 Bd7 9. Nf3 Qe7 10. Bxc7 Rc8
11. Bh2 O-O 12. Bd3 Qf6 13. Bxe4 dxe4 14. Nd2 e5 15. O-O Qg6 16. Bg3 Ne7 17. Qxe4 Nf5 18. Qxb7 Nxg3 19. fxg3 Qxg3 20. Qxd7 Qxe3+
21. Rf2 Qxc3 22. Raf1 Qxd4 23. Qxd4 exd4 24. Rf4 d3 25. Rd4 Rfd8 26. Rxd8+
1-0

[Event "Hands Too Small Anti-Facist Open"]
[Site "SchemingMind.com"]
[Date "2016.11.24"]
[Round "-"]
[White "Black Knight"]
[Black "ray winteringham"]
[Result "0-1"]
[WhiteCountry "USA"]
[BlackCountry "ENG"]
[WhiteElo "1349"]
[WhiteRD "56"]
[BlackElo "1495"]
[BlackRD "52"]
[GameID "406827"]

1. e4 c5 2. Nf3 Nc6 3. Bb5 d6 4. Bxc6+ bxc6 5. d4 cxd4 6. Nxd4 Bb7 7. Nc3 g6 8. Bg5 Bg7 9. O-O f6 10. Bf4 e5
11. Bg3 exd4 12. Qxd4 Ne7 13. Rad1 Nc8 14. Bxd6 Nxd6 15. Qxd6 Qxd6 16. Rxd6 O-O 17. Ne2 f5 18. Rd7 Ba6 19. Re1 Bxb2 20. Rb1 Bxe2
21. Rxb2 Rab8 22. c3 Rxb2
0-1

[Event "Hands Too Small Anti-Facist Open"]
[Site "SchemingMind.com"]
[Date "2016.11.24"]
[Round "-"]
[White "ray winteringham"]
[Black "Black Knight"]
[Result "1-0"]
[WhiteCountry "ENG"]
[BlackCountry "USA"]
[WhiteElo "1495"]
[WhiteRD "52"]
[BlackElo "1349"]
[BlackRD "56"]
[GameID "406828"]

1. e4 e5 2. Nf3 Nc6 3. Bc4 Bc5 4. O-O Nf6 5. Bxf7+ Kxf7 6. Ng5+ Ke7 7. d3 h6 8. Nf3 d6 9. Nc3 Be6 10. Bd2 Nd4
11. Nh4 Qe8 12. Kh1 g5 13. Nf5+ Bxf5 14. exf5 Rd8 15. Be3 Nxf5 16. Bxc5 dxc5 17. f4 Ne3 18. Qf3 Nxc2 19. Rac1 Nd4 20. Qxb7 Qd7
21. Rfe1 Rhe8 22. Rxe5+ Kf7 23. Rxc5 Nc2 24. Qb3+ Kg7 25. Qxc2 Qxd3 26. Rxc7+ Kf8 27. Qb3 Qd2 28. Qf7#
1-0

[Event "Hands Too Small Anti-Facist Open"]
[Site "SchemingMind.com"]
[Date "2016.11.24"]
[Round "-"]
[White "Black Knight"]
[Black "Henk Miedema"]
[Result "1-0"]
[WhiteCountry "USA"]
[BlackCountry "NED"]
[WhiteElo "1379"]
[WhiteRD "59"]
[BlackElo "891"]
[BlackRD "63"]
[GameID "406829"]

1. e4 e5 2. Nf3 Nc6 3. Bb5 Bc5 4. Bxc6 bxc6 5. Nc3 Nf6 6. O-O Ng4 7. d4 Be7 8. Nxe5 Nf6 9. Bg5 d6 10. Nxc6 Qd7
11. d5 h6 12. Nxe7 Qxe7 13. Re1 hxg5 14. Qd4 Ba6 15. e5 Nd7 16. e6 f6 17. exd7+ Kxd7 18. Qa4+ Kd8 19. Rxe7 Bc8 20. Rxg7 Bb7
21. Qd7#
1-0

[Event "Hands Too Small Anti-Facist Open"]
[Site "SchemingMind.com"]
[Date "2016.11.24"]
[Round "-"]
[White "Henk Miedema"]
[Black "Black Knight"]
[Result "0-1"]
[WhiteCountry "NED"]
[BlackCountry "USA"]
[WhiteElo "902"]
[WhiteRD "62"]
[BlackElo "1349"]
[BlackRD "56"]
[GameID "406830"]

1. d4 Nf6 2. Nc3 d5 3. Bf4 Bf5 4. Nb5 Nbd7 5. Nxc7+ Qxc7 6. Bxc7 Rc8 7. Bg3 e6 8. e3 Be7 9. Rc1 O-O 10. Bb5 Rcd8
11. Qd2 a6 12. Bd3 Ne4 13. Nf3 Nxd2 14. Nxd2 Bxd3 15. cxd3 Bb4 16. e4 dxe4 17. O-O Bxd2 18. Rcd1 Bh6 19. Bd6 Rfe8 20. dxe4 Nb6
21. Bc7 Nc8 22. Bxd8 Rxd8 23. Rfe1 Nd6 24. e5 Nf5 25. Rd2 Bxd2 26. Rd1 Rxd4 27. a3 Rc4 28. h3 Rd4 29. Rb1 Bf4 30. b4 Rd2
31. Rc1 g6 32. Rc8+ Kg7 33. Rb8 Rd1#
0-1